01361nam a22003017a 450000500170000000800410001702000180005804100080007604400070008408200210009111000130011224503360012526000250046130000450048650400460053165000620057765000610063970000280070070000230072870000250075170000290077670000290080570000250083470000320085971000620089171000570095371000490101020140321094802.0140321t2010 ck abdogr|||||000|0 spa d a9789589870143 aspa ack a598.09861bC153p2 aCalidris10aPlan de conservación para aves playeras en ColombiacCalidris, U.S. Fish & Wildlife Services, Copper River International Migratory Bird Initiative, Forest Services US, R. Johnston-González, C. J. Ruiz-Guerra, D. Eusse-González, L. F. Castillo-Cortés, Y. Cifuentes-Saramiento, P. Falk-Fernández, V. Ramírez De Los Ríos3 aCalibCalidrisc2009 a32 p.bil., fot., mapas, tablasc28.5 cm aIncluye biliografía (páginas 34 - 39) 4aAves playerasvEstudio de casosxConservaciónzColombia 4aAves playerasvEstudio de amenazasxEcosistemazColombia1 aJohnston-González, R.1 aRuiz-Guerra, C. J.1 aEusse-González, D.1 aCastillo-Cortés, L. F.1 aCifuentes-Saramiento, Y.1 aFalk-Fernández, P.1 aRamírez De Los Ríos, V.2 aU.S. Fish & Wildlife ServicesbDepartment of the Interior2 aCopper River International Migratory Bird Initiative2 aForest Service USbDepartment of Agriculture